Omosessualita'. Scienza e coscienza

में बचाया:
ग्रंथसूची विवरण
मुख्य लेखक: AA.VV
स्वरूप: पुस्तक
भाषा:अज्ञात या अवैध भाषा
प्रकाशित: Assisi La Cittadella 1983
टैग: टैग जोड़ें
कोई टैग नहीं, इस रिकॉर्ड को टैग करने वाले पहले व्यक्ति बनें!

MARC

LEADER 00000nam a2200000Ia 4500
001 19
003 NUMERAZIONE-ORIGINALE-BRESCIA
005 20260206230747.0
008 260206s9999 xx 000 0 und d
100 |a AA.VV. 
245 0 |a Omosessualita'. Scienza e coscienza 
260 |a Assisi 
260 |b La Cittadella 
260 |c 1983 
942 |2 ddc  |c BK  |n 0 
952 |0 0  |1 0  |2 ddc  |4 0  |6 14  |7 0  |9 28195  |a BS  |b BS  |d 2026-02-06  |i 19  |l 0  |o 1-4-*  |r 2026-02-06 22:40:30  |w 2026-02-06  |x [REVISIONARE]  |y BK 
999 |c 23901  |d 23901